| 000 | 00421nam a2200145Ia 4500 | ||
|---|---|---|---|
| 008 | 230312s9999||||xx |||||||||||||| ||und|| | ||
| 020 | _a9783319667744 | ||
| 082 |
_a621.392 _bELA-C |
||
| 100 | _aWright,Byron | ||
| 245 | 0 | _aMicrosoft specialist guide to Microsoft windows 10 (exam 70-697, configuring windows devices) | |
| 260 |
_bSpringer _c2018 |
||
| 300 | _a261 | ||
| 650 |
_aComputer _vElectronic books |
||
| 942 | _cBK | ||
| 999 |
_c18014 _d18014 |
||